| 000 | 00672nam a22002057a 4500 | ||
|---|---|---|---|
| 003 | NUST-PNEC | ||
| 005 | 20170114142532.0 | ||
| 008 | 140508b xxu||||| |||| 00| 0 eng d | ||
| 020 | _a0070858055 | ||
| 040 | _cPNEC | ||
| 082 | _a539.3 TIM | ||
| 100 |
_9104 _aTimoshenko, S.P. |
||
| 245 |
_aTheory of Elasticity _cS.P. Timoshenko |
||
| 250 | _a3rd ed. | ||
| 260 |
_aSingapore _bMcGraw-Hill. Inc. _cc.1970 |
||
| 300 |
_axxi, 567 p. : _bill. : _c21 cm. |
||
| 500 | _aIncludes Index http://www.amazon.com/Elasticity-McGraw-Hill-Classic-Textbook-Reissue/dp/0070858055/ref=sr_1_1?s=books&ie=UTF8&qid=1399545861&sr=1-1&keywords=0070858055 | ||
| 650 | _xIME | ||
| 942 |
_2ddc _cBK |
||
| 999 |
_c60096 _d60096 |
||